Statistics for Yes or No? #2

Click here to take the quiz!

General Stats

  • This quiz has been taken 163 times
  • The average score is 7 of 10

Answer Stats

QuestionAnswer% Correct
Was Apple created in South Korea ?No.
82%
Is Montreal in the USA ?No.
81%
Is the Mexico City in Mexico ?Yes.
81%
[Spoiler] Is Santa Claus real ?No.
79%
Do kangaroos live in Chile ?No.
77%
Is English the main language for communication ?Yes.
67%
Did the Russians dig the deepest hole into the Earth ?Yes.
66%
Do Japanese people have KFC for christmas ?Yes.
46%
Is Barrow located in the USA ?Yes.
45%
Was YouTube created in 2006 ?No.
39%

Score Distribution

Percentile by Number Answered

Percent of People with Each Score

Your Score History

You have not taken this quiz